History Quiz: Geography #1 - Statistics

General Stats
  • This quiz has been taken 73 times
  • The average score is 7 of 15
Answer Stats
Question Answer % Correct
Which of these modern countries did the Ghana Empire not exist within? Morocco
79%
The State of the Teutonic Order existed along the coast of which sea? Baltic Sea
71%
Which of these pairs of nations never shared a border? Czechoslovakia and Yugoslavia
71%
Which of these reached the largest size (in terms of area)? Soviet Union
71%
The western border of which of these empires was located the furthest west? Achaemenid
57%
Which of these rivers ran through the territory of the Ancestral Puebloans? Colorado
57%
The Roman Empire was at its largest under the rule of which emperor? Trajan
57%
The largest naval battle of World War I occurred in which sea? North Sea
50%
On which of these islands did neither the Vikings nor the Normans settle? Sardinia
50%
Which of these modern countries did the Inca Empire not exist within? Brazil
36%
Which of these modern capitals isn't located in what was once territory controlled by the New Kingdom of Egypt? Tripoli
36%
Which of these countries doesn't contain a city that was once part of Imperial Germany? Czech Republic
29%
In what century did Hokkaido become a prefecture of Japan? 20th
21%
Which of these was located on the Korean Peninsula? Silla
21%
Which volcanic eruption produced the greatest amount of sulphur dioxide? Laki, 1783
7%
No matching quizzes found
Score Distribution
Percent of People with Each Score
Percentile by Number Answered
Your Score History
You have not taken this quiz